[Event "SV Recklinghausen-Süd 1 - SF Essen-Werd"]
[Site "Verbandsklasse - Gruppe 3 202"]
[Date "2022.03.20"]
[Round "7.3"]
[White "Brixius, Dirk"]
[Black "Höfker, Mathias"]
[Result "0-1"]
[WhiteElo "1810"]
[BlackElo "2073"]
[PlyCount "92"]
[EventDate "2022.??.??"]
[WhiteTeam "SF Essen-Werden 2"]
[BlackTeam "SV Recklinghausen-Süd 1"]

1. c4 e6 2. Nc3 d5 3. d4 c6 4. e3 Nf6 5. Nf3 Nbd7 6. Qc2 Bd6 7. Bd3 O-O 8. b3
b6 9. O-O Bb7 10. e4 e5 11. Bg5 exd4 12. Nxd4 dxc4 13. Bxc4 Bxh2+ 14. Kh1 Bb8
15. f4 b5 16. Bd3 Nc5 17. Bxf6 Qxf6 18. Nf5 Nxd3 19. Qxd3 Bc8 20. Rad1 Bxf5 21.
exf5 Bxf4 22. Qh3 Qh6 23. Rf3 Qxh3+ 24. Rxh3 Rfe8 25. Rhd3 h6 26. g3 Bg5 27. b4
Rad8 28. Kg2 Rxd3 29. Rxd3 Re3 30. Rxe3 Bxe3 31. Ne4 Kf8 32. Kf3 Bb6 33. Ke2
Ke7 34. g4 g6 35. Kd3 gxf5 36. gxf5 h5 37. Ke2 Bd4 38. Kf3 Bb2 39. Nc5 Bc3 40.
Nd3 Kf6 41. Ke4 Kg5 42. a3 h4 43. Nf2 Bb2 44. Nh3+ Kg4 45. Nf2+ Kg3 46. Nd3 h3
0-1

[Event "SV Recklinghausen-Süd 1 - SF Essen-Werd"]
[Site "Verbandsklasse - Gruppe 3 202"]
[Date "2022.03.20"]
[Round "7.4"]
[White "Stahlhofen, Thomas"]
[Black "Rother, Josef"]
[Result "1-0"]
[WhiteElo "1802"]
[BlackElo "1756"]
[PlyCount "53"]
[EventDate "2022.??.??"]
[WhiteTeam "SV Recklinghausen-Süd 1"]
[BlackTeam "SF Essen-Werden 2"]

1. d4 d5 2. c4 c6 3. Nc3 e6 4. e3 Nf6 5. Nf3 Nbd7 6. Qc2 h6 7. Bd2 a6 8. Bd3
dxc4 9. Bxc4 b5 10. Bd3 Bb7 11. e4 c5 12. e5 Bxf3 13. gxf3 Nd5 14. Be4 cxd4 15.
Nxd5 exd5 16. Bxd5 Rc8 17. Qe4 Qe7 18. f4 Nb6 19. Bc6+ Nd7 20. Rd1 f5 21. Qd5
Rxc6 22. Qxc6 Qc5 23. Qg6+ Kd8 24. Rc1 Qd5 25. Ba5+ Ke7 26. O-O Qf7 27. Qd6+
1-0

[Event "SV Recklinghausen-Süd 1 - SF Essen-Werd"]
[Site "Verbandsklasse - Gruppe 3 202"]
[Date "2022.03.20"]
[Round "7.5"]
[White "Eggebrecht, Stefan"]
[Black "Nguyen, Heinrich"]
[Result "0-1"]
[WhiteElo "1763"]
[BlackElo "1181"]
[PlyCount "96"]
[EventDate "2022.??.??"]
[WhiteTeam "SF Essen-Werden 2"]
[BlackTeam "SV Recklinghausen-Süd 1"]

1. e4 c5 2. d3 g6 3. g3 Bg7 4. Bg2 Nc6 5. Ne2 e6 6. c3 Nge7 7. Be3 d6 8. O-O
O-O 9. d4 cxd4 10. Nxd4 e5 11. Nb5 f5 12. Nxd6 f4 13. Bc5 g5 14. Qb3+ Kh8 15.
Nf7+ Rxf7 16. Qxf7 Ng6 17. f3 b6 18. Bf2 g4 19. Na3 gxf3 20. Rfd1 Qf8 21. Qxf8+
Bxf8 22. Bxf3 Bh3 23. Nb5 Be7 24. Rd2 Rg8 25. Kh1 Nf8 26. Nd6 Ne6 27. Nf5 Ng5
28. Nxe7 Nxe7 29. Bg2 Bxg2+ 30. Kxg2 f3+ 31. Kf1 Nxe4 32. Rd7 Nc6 33. Re1 Ng5
34. Rc7 Rg6 35. h4 Nh3 36. Rd1 e4 37. Rdd7 Nxf2 38. Kxf2 Ne5 39. Rd8+ Rg8 40.
Rxg8+ Kxg8 41. Ke3 Ng4+ 42. Kxe4 f2 43. Rc8+ Kg7 44. Rc7+ Kf8 45. Rc8+ Ke7 46.
Rc7+ Ke6 47. Kf3 f1=Q+ 48. Kxg4 Qf5# 0-1

[Event "SV Recklinghausen-Süd 1 - SF Essen-Werd"]
[Site "Verbandsklasse - Gruppe 3 202"]
[Date "2022.03.20"]
[Round "7.6"]
[White "Bleich, Karl-Heinz"]
[Black "Biermann, Klaus"]
[Result "1-0"]
[WhiteElo "1473"]
[BlackElo "1807"]
[PlyCount "111"]
[EventDate "2022.??.??"]
[WhiteTeam "SV Recklinghausen-Süd 1"]
[BlackTeam "SF Essen-Werden 2"]

1. d4 {[%emt 0:00:00]} d5 2. c4 c6 3. Nc3 Nf6 4. Nf3 e6 5. Bg5 Nbd7 6. cxd5
exd5 7. e3 Be7 8. Bd3 b6 9. O-O Bb7 10. Rc1 O-O 11. Nd2 h6 12. Bf4 Re8 13. a3
Nf8 14. Be5 N6d7 15. Nf3 Nxe5 16. Nxe5 Bd6 17. Nf3 a6 18. Re1 Rc8 19. Qe2 Ra8
20. Qd2 c5 21. Bb1 Rc8 22. dxc5 bxc5 23. Nxd5 Bxd5 24. e4 Bb7 25. Rcd1 Bb8 26.
Qc2 Qc7 27. g3 Rcd8 28. Nh4 Rxd1 29. Qxd1 Qe5 30. Qb3 Qc7 31. Nf5 Qc6 32. Ba2
c4 33. Qc3 Be5 34. Qc2 Rc8 35. Ne7+ Kh8 36. Nxc6 Rxc6 37. Rd1 Ne6 38. Rd7 Rb6
39. b4 cxb3 40. Bxb3 Nd4 41. Rd8+ Kh7 42. Rxd4 Bxd4 43. Qd3 Bc5 44. Bxf7 g6 45.
e5 Kg7 46. e6 g5 47. Qc3+ Kh7 48. Qc2+ Kg7 49. h4 Bd4 50. Qd3 Rd6 51. Qg6+ Kf8
52. Be8 Ke7 53. Qf7+ Kd8 54. Qxb7 Kxe8 55. Qf7+ Kd8 56. e7+ 1-0

[Event "SV Recklinghausen-Süd 1 - SF Essen-Werd"]
[Site "Verbandsklasse - Gruppe 3 202"]
[Date "2022.03.20"]
[Round "7.7"]
[White "Eggebrecht, Jan"]
[Black "Stahlhofen, Paul"]
[Result "1-0"]
[WhiteElo "1643"]
[BlackElo "1052"]
[PlyCount "53"]
[EventDate "2022.??.??"]
[WhiteTeam "SF Essen-Werden 2"]
[BlackTeam "SV Recklinghausen-Süd 1"]

1. c4 e5 2. g3 Nf6 3. Bg2 d5 4. cxd5 Nxd5 5. Nc3 Be6 6. d3 Nc6 7. Nf3 f6 8. O-O
Qd7 9. a3 O-O-O 10. Qc2 Bh3 11. Nxd5 Bxg2 12. Nxf6 gxf6 13. Kxg2 h5 14. b4 Be7
15. Be3 Qg4 16. Qc4 Qg6 17. b5 f5 18. Ng5 Bxg5 19. Bxg5 Rd4 20. Qc3 Nd8 21. e3
Rd7 22. Qxe5 Nf7 23. Qc3 Re8 24. Bf4 Rg8 25. Rac1 Nd6 26. Qc5 Rgg7 27. Qxa7 1-0

[Event "SV Recklinghausen-Süd 1 - SF Essen-Werd"]
[Site "Verbandsklasse - Gruppe 3 202"]
[Date "2022.03.20"]
[Round "7.8"]
[White "Nguyen, Maximilian"]
[Black "Weber, Dirk"]
[Result "0-1"]
[WhiteElo "955"]
[BlackElo "1706"]
[PlyCount "104"]
[EventDate "2022.??.??"]
[WhiteTeam "SV Recklinghausen-Süd 1"]
[BlackTeam "SF Essen-Werden 2"]

1. e4 c5 2. Nf3 d6 3. Bb5+ Bd7 4. Bxd7+ Qxd7 5. d4 cxd4 6. Nxd4 e6 7. O-O Nf6
8. Nc3 a6 9. Bg5 Be7 10. Re1 Qc7 11. Qd2 O-O 12. Rad1 Rd8 13. Re3 Nbd7 14. b4
Ne5 15. Rg3 Rac8 16. b5 Nc4 17. Qe2 Qc5 18. bxa6 bxa6 19. Nb3 Qc7 20. Qf3 Ne5
21. Qe2 Qc4 22. Qxc4 Nxc4 23. Nd2 Nb6 24. Rb1 Nc4 25. Nxc4 Rxc4 26. Rb3 Kf8 27.
Rb7 Rdc8 28. Bd2 Nxe4 29. Nxe4 Rxe4 30. Rc3 Re8 31. Rcc7 Rd4 32. Be1 Ra4 33.
Rb2 d5 34. g3 e5 35. Ra7 f5 36. f3 Bc5+ 37. Bf2 Bxa7 38. Bxa7 Kf7 39. h4 Re7
40. Bc5 Rc7 41. Bd6 Rc6 42. Bxe5 Re6 43. f4 Re7 44. Kf2 h6 45. Bd6 Rd7 46. Be5
d4 47. Ke2 Rc4 48. Kd3 Rc3+ 49. Kd2 Rxg3 50. Rb4 d3 51. c4 Rg2+ 52. Kd1 d2 0-1

[Event "SC Gerthe - Werne 1 - Dortmunder SV 1"]
[Site "Verbandsliga - Gruppe 1 2021/"]
[Date "2022.05.01"]
[Round "8.1"]
[White "Brockmann, Fabian"]
[Black "Quast, Marcel"]
[Result "1/2-1/2"]
[WhiteElo "1932"]
[BlackElo "2253"]
[PlyCount "59"]
[EventDate "2022.??.??"]
[WhiteTeam "Dortmunder SV 1"]
[BlackTeam "SC Gerthe - Werne 1"]

1. e4 e5 2. d4 exd4 3. Qxd4 d6 4. Nc3 Nf6 5. Bf4 Be7 6. O-O-O O-O 7. f3 Nc6 8.
Qf2 Be6 9. g4 Nd7 10. h4 Nce5 11. Nge2 c6 12. Nd4 Qa5 13. Nf5 Bxf5 14. gxf5 b5
15. Kb1 Nb6 16. f6 Bxf6 17. Bg5 Nbc4 18. Bxc4 Nxc4 19. Bxf6 gxf6 20. Rhg1+ Kh8
21. Qd4 Qd8 22. Rg3 Rg8 23. Rxg8+ Kxg8 24. b3 Ne5 25. f4 Ng6 26. Qg1 Kh8 27.
Qg4 Qe7 28. h5 Nf8 29. Rg1 Ne6 30. Qh4 1/2-1/2

[Event "SC Gerthe - Werne 1 - Dortmunder SV 1"]
[Site "Verbandsliga - Gruppe 1 2021/"]
[Date "2022.05.01"]
[Round "8.2"]
[White "Brueggestraß, Volker"]
[Black "Alarand, Beshr"]
[Result "1-0"]
[WhiteElo "2006"]
[BlackElo "1929"]
[PlyCount "93"]
[EventDate "2022.??.??"]
[WhiteTeam "SC Gerthe - Werne 1"]
[BlackTeam "Dortmunder SV 1"]

1. e4 c5 2. c3 Nc6 3. d4 cxd4 4. cxd4 d5 5. exd5 Qxd5 6. Nf3 Bg4 7. Nc3 Qa5 8.
d5 Rd8 9. Bd2 Ne5 10. Nxe5 Bxd1 11. Bb5+ Rd7 12. Bxd7+ Kd8 13. Nxf7+ Kxd7 14.
Rxd1 Ke8 15. Nxh8 Qa6 16. Be3 Nf6 17. Kd2 g6 18. Rhe1 Bg7 19. Kc1 Bxh8 20. Bc5
Qc4 21. Bxe7 Kd7 22. Kb1 b5 23. Bxf6 Bxf6 24. Ne4 Bg7 25. Rc1 Qd3+ 26. Ka1 Bd4
27. f3 a5 28. d6 a4 29. Red1 Qe3 30. Kb1 a3 31. bxa3 g5 32. Rc7+ Kd8 33. Rc2 g4
34. Rcd2 Bg7 35. d7 gxf3 36. Nd6 Bf6 37. Rc2 Bd4 38. Nf5 Qe4 39. Rxd4 Qxf5 40.
Kb2 f2 41. Rc8+ Ke7 42. d8=Q+ Kf7 43. Qg8+ Kf6 44. Rf8+ Ke5 45. Rxf5+ Kxf5 46.
Qf7+ Kg5 47. h4+ 1-0

[Event "SC Gerthe - Werne 1 - Dortmunder SV 1"]
[Site "Verbandsliga - Gruppe 1 2021/"]
[Date "2022.05.01"]
[Round "8.3"]
[White "Wolff, Torsten"]
[Black "Gottmann, Bernd"]
[Result "1/2-1/2"]
[WhiteElo "1863"]
[BlackElo "1965"]
[PlyCount "55"]
[EventDate "2022.??.??"]
[WhiteTeam "Dortmunder SV 1"]
[BlackTeam "SC Gerthe - Werne 1"]

1. d4 g6 2. c4 Bg7 3. Nc3 c5 4. d5 e5 5. e4 d6 6. Bd3 Ne7 7. Nge2 O-O 8. O-O
Nd7 9. Nb5 Nf6 10. f4 a6 11. fxe5 dxe5 12. Nbc3 Ne8 13. Be3 b6 14. Qd2 Bd7 15.
a4 Qc7 16. Bg5 f6 17. Bh6 Nd6 18. Bxg7 Kxg7 19. b3 Qd8 20. Qe3 Qc7 21. Qg3 Ng8
22. Nd1 Rae8 23. Qe1 Nh6 24. Qc3 Kg8 25. Qd2 Kg7 26. Qc3 Kg8 27. Qd2 Kg7 28.
Qc3 1/2-1/2

[Event "SC Gerthe - Werne 1 - Dortmunder SV 1"]
[Site "Verbandsliga - Gruppe 1 2021/"]
[Date "2022.05.01"]
[Round "8.4"]
[White "Kalle, Yannis"]
[Black "Kantor, Daniel"]
[Result "1/2-1/2"]
[WhiteElo "1807"]
[BlackElo "1868"]
[PlyCount "81"]
[EventDate "2022.??.??"]
[WhiteTeam "SC Gerthe - Werne 1"]
[BlackTeam "Dortmunder SV 1"]

1. e4 c6 2. d4 d5 3. Nc3 dxe4 4. Nxe4 Nf6 5. Nxf6+ exf6 6. Nf3 Bd6 7. Bc4 O-O
8. O-O Nd7 9. Be3 Nb6 10. Bd3 Qc7 11. c4 c5 12. d5 Bg4 13. h3 Bh5 14. b3 Nd7
15. Be2 Rfe8 16. Re1 Bf4 17. Bxf4 Qxf4 18. Nh2 Bg6 19. Qc1 Qc7 20. Qc3 Ne5 21.
Nf3 a6 22. Rad1 Rab8 23. a4 Rbd8 24. Bf1 h6 25. Re3 Re7 26. Rde1 Rde8 27. Nd2
Qd6 28. g3 Bh7 29. f4 Nd7 30. Bg2 b6 31. Be4 f5 32. Bg2 g5 33. Nf3 f6 34. Rxe7
Rxe7 35. Rxe7 Qxe7 36. Qe1 Qe4 37. Qc1 Nf8 38. Kh2 Qd3 39. Qd2 Qxd2 40. Nxd2
Ng6 41. fxg5 1/2-1/2

[Event "SC Gerthe - Werne 1 - Dortmunder SV 1"]
[Site "Verbandsliga - Gruppe 1 2021/"]
[Date "2022.05.01"]
[Round "8.6"]
[White "Boost, Juergen"]
[Black "Kumler, Steffen"]
[Result "1-0"]
[WhiteElo "1807"]
[BlackElo "1703"]
[PlyCount "117"]
[EventDate "2022.??.??"]
[WhiteTeam "SC Gerthe - Werne 1"]
[BlackTeam "Dortmunder SV 1"]

1. e4 c6 2. d4 d5 3. exd5 cxd5 4. Bd3 Nf6 5. Nf3 Bg4 6. h3 Bh5 7. c3 e6 8. Qa4+
Nc6 9. Ne5 Qb6 10. Nd2 Bd6 11. Ndf3 Bxf3 12. Nxf3 O-O 13. O-O h6 14. Re1 Qc7
15. Qd1 a6 16. Qe2 Bf4 17. Bxf4 Qxf4 18. Rad1 b5 19. a4 bxa4 20. Bxa6 Na5 21.
Ra1 Nb3 22. Rxa4 Nc5 23. Raa1 Nxa6 24. Rxa6 Rab8 25. Ra2 Rb6 26. Qe5 Qxe5 27.
Nxe5 Rfb8 28. Re2 Rb5 29. Nd3 Ne4 30. Nb4 g5 31. g3 Kg7 32. Kg2 R5b7 33. f3 Nd6
34. Kf2 Kf6 35. Ra6 Rd7 36. Nd3 Rb5 37. Nc5 Rd8 38. b4 Rbb8 39. Ke3 Nf5+ 40.
Kf2 Nd6 41. Ke1 Rb5 42. Rea2 Nc4 43. Ke2 Rc8 44. Ra7 Kg6 45. Kd3 Rb6 46. Rb7
Rb8 47. Rxb6 Rxb6 48. Ra7 Nd6 49. Nd7 Rb5 50. Ne5+ Kf6 51. g4 Nb7 52. Ra8 Kg7
53. Nd7 f6 54. Nc5 Nd6 55. Ra7+ Kg8 56. Nxe6 Rb6 57. Nc7 Rc6 58. Nxd5 f5 59.
Ne7+ 1-0

[Event "SC Gerthe - Werne 1 - Dortmunder SV 1"]
[Site "Verbandsliga - Gruppe 1 2021/"]
[Date "2022.05.01"]
[Round "8.7"]
[White "Boehmfeldt, Bruno"]
[Black "Meise, Ulrich"]
[Result "1-0"]
[WhiteElo "2225"]
[BlackElo "1763"]
[PlyCount "109"]
[EventDate "2022.??.??"]
[WhiteTeam "Dortmunder SV 1"]
[BlackTeam "SC Gerthe - Werne 1"]

1. Nf3 d5 2. g3 c5 3. Bg2 Nc6 4. d3 e5 5. Nbd2 Bd6 6. e4 d4 7. O-O Nf6 8. a4
O-O 9. Nc4 Bc7 10. Bd2 Be6 11. Nh4 Bxc4 12. dxc4 Qd7 13. Ra3 Qe6 14. Qe2 Ba5
15. Bg5 Nd7 16. Bc1 Bd8 17. Nf3 Nb6 18. b3 Nc8 19. Ne1 N8e7 20. Nd3 b6 21. Bd2
a5 22. Raa1 Nb4 23. Bxb4 cxb4 24. Qh5 Bc7 25. Rae1 Rad8 26. Bh3 Qg6 27. Qe2 Qh6
28. Kg2 g5 29. Qf3 f6 30. Bf5 Nxf5 31. exf5 Rfe8 32. h4 Re7 33. Rh1 Rg7 34.
hxg5 Qxg5 35. Re4 Qd2 36. Re2 Qg5 37. Rh5 Qg4 38. Re4 Qxf3+ 39. Kxf3 Rdd7 40.
Reh4 Bd8 41. Re4 Bc7 42. Rhh4 Rg5 43. Reg4 Rxg4 44. Rxg4+ Kf7 45. Ke4 Bd6 46.
Kd5 Bf8+ 47. Kc6 Rd6+ 48. Kb5 Be7 49. Re4 Bd8 50. f4 exf4 51. Nxf4 Bc7 52. g4
Bd8 53. Re6 Rd7 54. Nd5 Kg7 55. Kc6 1-0

[Event "SC Gerthe - Werne 1 - Dortmunder SV 1"]
[Site "Verbandsliga - Gruppe 1 2021/"]
[Date "2022.05.01"]
[Round "8.8"]
[White "Al Zoubi, Ahmad"]
[Black "Meinike, Thorsten"]
[Result "0-1"]
[WhiteElo "1713"]
[BlackElo "1770"]
[PlyCount "74"]
[EventDate "2022.??.??"]
[WhiteTeam "SC Gerthe - Werne 1"]
[BlackTeam "Dortmunder SV 1"]

1. e4 e5 2. Nf3 Nc6 3. Bc4 Bc5 4. b4 Bxb4 5. c3 Ba5 6. Qb3 Qe7 7. O-O Nf6 8. d4
Bb6 9. Ba3 d6 10. Nxe5 Nxe5 11. dxe5 Nxe4 12. Bxf7+ Qxf7 13. Qa4+ Bd7 14. Qxe4
Bc6 15. Qg4 h5 16. Qh3 Bb5 17. Rd1 Qxf2+ 18. Kh1 O-O 19. Nd2 Be2 20. Re1 Bg4
21. Qd3 Qf7 22. exd6 cxd6 23. Bb2 Bf5 24. Qg3 Rae8 25. c4 Qg6 26. Qc3 Bf2 27.
Rxe8 Rxe8 28. Qf3 Be1 29. h3 Kh7 30. Nb3 Be4 31. Qe2 Bc6 32. Rxe1 Qxg2+ 33.
Qxg2 Rxe1+ 34. Kh2 Bxg2 35. Nd4 Bc6 36. Kg3 g5 37. Nf5 Rg1+ 0-1

[Event "SV Bönen 1 - Bochumer SV 2"]
[Site "Verbandsliga - Gruppe 1 2021/"]
[Date "2022.05.01"]
[Round "8.1"]
[White "Krämer, Matthias"]
[Black "Merz, Martin"]
[Result "1/2-1/2"]
[WhiteElo "2199"]
[BlackElo "1968"]
[PlyCount "34"]
[EventDate "2022.??.??"]
[WhiteTeam "Bochumer SV 2"]
[BlackTeam "SV Bönen 1"]

1. e4 c5 2. Nf3 d6 3. d4 cxd4 4. Nxd4 Nf6 5. Nc3 a6 6. a4 e6 7. Be2 Be7 8. f4
Qc7 9. O-O Nbd7 10. Bf3 Rb8 11. Re1 O-O 12. g4 Rd8 13. g5 Ne8 14. Qe2 Nb6 15.
Qd3 Nc4 16. Qe2 Qc5 17. Qf2 Nc7 1/2-1/2

[Event "SV Bönen 1 - Bochumer SV 2"]
[Site "Verbandsliga - Gruppe 1 2021/"]
[Date "2022.05.01"]
[Round "8.2"]
[White "Fuest, Torsten"]
[Black "Schäfers, Andreas"]
[Result "0-1"]
[WhiteElo "1916"]
[BlackElo "1998"]
[PlyCount "52"]
[EventDate "2022.??.??"]
[WhiteTeam "SV Bönen 1"]
[BlackTeam "Bochumer SV 2"]

1. d4 d5 2. Bf4 Nf6 3. e3 e6 4. Nd2 Bd6 5. Bg3 O-O 6. Ngf3 b6 7. c3 Bb7 8. Bd3
Ne4 9. Qc2 f5 10. O-O Bxg3 11. hxg3 Nd7 12. Ne5 Nxe5 13. dxe5 c5 14. Rad1 Qc7
15. Bxe4 fxe4 16. f4 exf3 17. Nxf3 Qe7 18. Qa4 a5 19. Kh2 b5 20. Qg4 Rf5 21.
Qh3 Raf8 22. g4 R5f7 23. Kg3 g6 24. Rh1 d4 25. Nh4 Qg5 26. exd4 Qf4# 0-1

[Event "SV Bönen 1 - Bochumer SV 2"]
[Site "Verbandsliga - Gruppe 1 2021/"]
[Date "2022.05.01"]
[Round "8.3"]
[White "Niekrens, Stefan"]
[Black "Mönkemeyer, Maik"]
[Result "1/2-1/2"]
[WhiteElo "1959"]
[BlackElo "1852"]
[PlyCount "112"]
[EventDate "2022.??.??"]
[WhiteTeam "Bochumer SV 2"]
[BlackTeam "SV Bönen 1"]

1. e4 d6 2. d4 Nf6 3. Nc3 c6 4. Nf3 Bg4 5. Bd3 Nbd7 6. h3 Bxf3 7. Qxf3 e5 8.
dxe5 dxe5 9. O-O Be7 10. b3 b5 11. Bb2 O-O 12. a4 b4 13. Ne2 a5 14. Rad1 Qc7
15. Ng3 g6 16. Qe2 Rfe8 17. Bc1 Bc5 18. Kh1 Rad8 19. Bc4 Nb6 20. Rxd8 Rxd8 21.
f4 Nxc4 22. Qxc4 Bd4 23. f5 Kg7 24. fxg6 hxg6 25. Bh6+ Kxh6 26. Rxf6 Be3 27.
Rxf7 Rd1+ 28. Rf1 Rd4 29. Qe6 Kg7 30. Qf6+ Kh7 31. Qf8 Bf4 32. Ne2 Rxe4 33.
Nxf4 Rxf4 34. Rxf4 exf4 35. Qc5 Kg7 36. Kg1 f3 37. Qd4+ Kg8 38. Qc4+ Kg7 39.
Qd4+ Kg8 40. Qg4 Qb6+ 41. Kf1 fxg2+ 42. Kxg2 c5 43. Qc8+ Kg7 44. Qd7+ Kg8 45.
Qb5 Qc7 46. Qc4+ Kg7 47. Kf3 Qf7+ 48. Qxf7+ Kxf7 49. Ke4 Ke6 50. h4 Kd6 51. Kf4
Ke6 52. Kg5 Kf7 53. Kg4 Kf6 54. Kf4 Ke6 55. Ke4 Kd6 56. Kf4 Ke6 1/2-1/2

[Event "SV Bönen 1 - Bochumer SV 2"]
[Site "Verbandsliga - Gruppe 1 2021/"]
[Date "2022.05.01"]
[Round "8.4"]
[White "Helmert, Jochen"]
[Black "Hinkmann, Jens"]
[Result "0-1"]
[WhiteElo "1894"]
[BlackElo "1993"]
[Annotator "gerno"]
[PlyCount "64"]
[EventDate "2022.??.??"]
[WhiteTeam "SV Bönen 1"]
[BlackTeam "Bochumer SV 2"]

1. e4 e5 2. Nf3 Nc6 3. Bb5 a6 4. Ba4 Nf6 5. O-O Nxe4 6. Re1 Nc5 7. Bxc6 dxc6 8.
Nxe5 Be6 9. d4 Nd7 10. Nf3 Be7 11. Nc3 O-O 12. Ne4 h6 13. c3 Nf6 14. Ng3 c5 15.
Qc2 Re8 16. Nf5 Bf8 17. Bd2 Qd5 18. Ng3 cxd4 19. Nxd4 Bd7 20. b3 Rad8 21. h3 c5
22. Nf3 Bxh3 23. c4 Qc6 24. Bc3 Rxe1+ 25. Rxe1 Bg4 26. Ne5 Qc8 27. f3 Be6 28.
Qf2 b5 29. Qe3 b4 30. Ba1 Re8 31. Qf4 Bd6 32. Qh4 Nd7 {Zeitüberschreitung Weiß}
0-1

[Event "SV Bönen 1 - Bochumer SV 2"]
[Site "Verbandsliga - Gruppe 1 2021/"]
[Date "2022.05.01"]
[Round "8.5"]
[White "Goralski, Christian"]
[Black "Lenz, Guntram"]
[Result "1-0"]
[WhiteElo "1942"]
[BlackElo "1850"]
[Annotator "gerno"]
[PlyCount "62"]
[EventDate "2022.??.??"]
[WhiteTeam "Bochumer SV 2"]
[BlackTeam "SV Bönen 1"]

1. e4 c6 2. d4 d5 3. f3 e6 4. Nc3 Bb4 5. Bf4 Ne7 6. a3 Bxc3+ 7. bxc3 b6 8. Bd3
Ba6 9. Nh3 Ng6 10. Bg3 Bxd3 11. cxd3 O-O 12. O-O Qd7 13. f4 f5 14. Qh5 Nh8 15.
exd5 cxd5 16. Rfe1 h6 17. Re3 Nc6 18. Rae1 Rae8 19. Bh4 Qf7 20. Qe2 Ng6 21. Bf2
Nd8 22. c4 Qd7 23. Qh5 Qf7 24. Rg3 Ne5 25. Qxh6 Ng4 26. Qh4 Qf6 27. Ng5 Qh6 28.
Qxh6 Nxh6 29. Rge3 Ng4 30. R3e2 dxc4 31. dxc4 Nxf2 {Zeitüberschreitung Schwarz}
1-0

[Event "SV Bönen 1 - Bochumer SV 2"]
[Site "Verbandsliga - Gruppe 1 2021/"]
[Date "2022.05.01"]
[Round "8.6"]
[White "Wegner, Stephan"]
[Black "Peters, Olaf"]
[Result "1/2-1/2"]
[WhiteElo "1753"]
[BlackElo "1914"]
[PlyCount "76"]
[EventDate "2022.??.??"]
[WhiteTeam "SV Bönen 1"]
[BlackTeam "Bochumer SV 2"]

1. e4 c5 2. Nc3 Nc6 3. f4 g6 4. Nf3 Bg7 5. Bb5 Nd4 6. O-O Nxb5 7. Nxb5 d6 8. a4
Nf6 9. d3 O-O 10. Qe1 a6 11. Nc3 e6 12. Qh4 h5 13. f5 Nh7 14. fxg6 fxg6 15. Qg3
Rf6 16. Be3 e5 17. Nh4 Rxf1+ 18. Rxf1 g5 19. Nf5 Be6 20. Qh3 Bf7 21. Nxg7 Kxg7
22. Qf5 Qe7 23. h4 g4 24. Bh6+ Kg8 25. Nd5 Bxd5 26. exd5 Qe8 27. a5 Rd8 28.
Qe6+ Qxe6 29. dxe6 Re8 30. Rf5 Rxe6 31. Rxh5 Rg6 32. Be3 Nf6 33. Rf5 Nd5 34.
Bd2 Ne7 35. Rg5 Rxg5 36. Bxg5 Nf5 37. Kf2 Kf7 38. h5 Kg7 1/2-1/2

[Event "SV Bönen 1 - Bochumer SV 2"]
[Site "Verbandsliga - Gruppe 1 2021/"]
[Date "2022.05.01"]
[Round "8.7"]
[White "Bautz, Volker"]
[Black "Schütz, Ralf"]
[Result "1-0"]
[WhiteElo "1791"]
[BlackElo "1731"]
[PlyCount "59"]
[EventDate "2022.??.??"]
[WhiteTeam "Bochumer SV 2"]
[BlackTeam "SV Bönen 1"]

1. d4 d6 2. Nc3 Nf6 3. e4 g6 4. f4 Bg7 5. Nf3 c6 6. a4 O-O 7. Bd3 Bg4 8. h3
Bxf3 9. Qxf3 e5 10. dxe5 dxe5 11. O-O exf4 12. Bxf4 Nh5 13. Be3 Bd4 14. Rad1
Bxe3+ 15. Qxe3 Qb6 16. Qxb6 axb6 17. g4 Ng7 18. Bc4 Na6 19. Rd7 Rab8 20. Rfxf7
Rxf7 21. Rxf7 Kh8 22. e5 Nc5 23. b4 Nce6 24. Ne4 b5 25. axb5 cxb5 26. Bd5 Rd8
27. Nf6 Nf4 28. Bb3 Ne2+ 29. Kf2 Nd4 30. e6 1-0

[Event "SV Bönen 1 - Bochumer SV 2"]
[Site "Verbandsliga - Gruppe 1 2021/"]
[Date "2022.05.01"]
[Round "8.8"]
[White "Rudlof, Jürgen"]
[Black "Hart, Klaus"]
[Result "1/2-1/2"]
[WhiteElo "1665"]
[BlackElo "1722"]
[PlyCount "75"]
[EventDate "2022.??.??"]
[WhiteTeam "SV Bönen 1"]
[BlackTeam "Bochumer SV 2"]

1. e4 e5 2. Nf3 Nf6 3. Nc3 Nc6 4. Bc4 h6 5. d3 Bc5 6. Be3 Bb6 7. h3 d6 8. Qd2
Na5 9. Bb5+ Bd7 10. O-O Bxe3 11. fxe3 c6 12. Ba4 b5 13. Bb3 O-O 14. Qf2 Qe7 15.
Nh4 Nxb3 16. axb3 b4 17. Ne2 Nxe4 18. dxe4 d5 19. Nf5 Qc5 20. Neg3 Kh7 21. Nxg7
Kxg7 22. Nh5+ Kg6 23. Qf6+ Kxh5 24. g4+ Bxg4 25. hxg4+ Kxg4 26. Qf5+ Kh4 27.
Qf6+ Kg4 28. Qg7+ Kh4 29. Qxh6+ Kg4 30. Qg7+ Kh4 31. Qf6+ Kg4 32. Qf5+ Kh4 33.
Qf2+ Kg4 34. Qf5+ Kh4 35. Qh7+ Kg4 36. Qg7+ Kh4 37. Qh6+ Kg4 38. Qg7+ 1/2-1/2

[Event "SF Essen-Katernberg  3 - SV Erkenschwic"]
[Site "Verbandsliga - Gruppe 1 2021/"]
[Date "2022.05.01"]
[Round "8.1"]
[White "Spriestersbach, Kai"]
[Black "Rosen, Willy"]
[Result "0-1"]
[WhiteElo "1978"]
[BlackElo "2114"]
[PlyCount "80"]
[EventDate "2022.??.??"]
[WhiteTeam "SV Erkenschwick 2"]
[BlackTeam "SF Essen-Katernberg  3"]

1. e4 c5 2. Nf3 Nc6 3. d4 cxd4 4. Nxd4 Qb6 5. Nb3 Nf6 6. Nc3 e6 7. Bd3 Bb4 8.
O-O Bxc3 9. bxc3 O-O 10. Bg5 Ne8 11. Qh5 g6 12. Qh4 f6 13. Be3 Qc7 14. f4 d6
15. Rf3 b6 16. Nd4 Nxd4 17. cxd4 f5 18. exf5 exf5 19. d5 Qc3 20. Rd1 Nf6 21.
Rh3 Bd7 22. Bf2 Qb2 23. c3 Rf7 24. Bd4 Ne4 25. Qh6 Re7 26. Bxe4 fxe4 27. Qg5
Bxh3 28. gxh3 Rf7 29. f5 Qe2 30. Rf1 Re8 31. Rf2 Qh5 32. Qxh5 gxh5 33. f6 e3
34. Rg2+ Kf8 35. Re2 Rc7 36. Kg2 Rc4 37. Kf3 Kf7 38. Kf4 b5 39. Kf5 b4 40. Rg2
Rxd4 0-1

[Event "SF Essen-Katernberg  3 - SV Erkenschwic"]
[Site "Verbandsliga - Gruppe 1 2021/"]
[Date "2022.05.01"]
[Round "8.2"]
[White "Geerlings, Gerd"]
[Black "Henn, Marcus"]
[Result "0-1"]
[WhiteElo "2022"]
[BlackElo "1999"]
[PlyCount "46"]
[EventDate "2022.??.??"]
[WhiteTeam "SF Essen-Katernberg  3"]
[BlackTeam "SV Erkenschwick 2"]

1. Nf3 Nf6 2. c4 e6 3. g3 d5 4. Bg2 Be7 5. O-O O-O 6. b3 c5 7. Bb2 d4 8. b4 Qc7
9. bxc5 e5 10. d3 Na6 11. e3 dxe3 12. Nxe5 exf2+ 13. Rxf2 Nxc5 14. Qe2 Na4 15.
Qc2 Nxb2 16. Qxb2 Bd6 17. Nf3 Ng4 18. Re2 Bf5 19. Qd2 Rad8 20. Ne1 b5 21. cxb5
Be5 22. Rxe5 Qxe5 23. Nc3 Qd4+ 0-1

[Event "SF Essen-Katernberg  3 - SV Erkenschwic"]
[Site "Verbandsliga - Gruppe 1 2021/"]
[Date "2022.05.01"]
[Round "8.3"]
[White "Trzaska, Peter"]
[Black "Krueger, Erich"]
[Result "1/2-1/2"]
[WhiteElo "2038"]
[BlackElo "2043"]
[PlyCount "58"]
[EventDate "2022.??.??"]
[WhiteTeam "SV Erkenschwick 2"]
[BlackTeam "SF Essen-Katernberg  3"]

1. c4 Nf6 2. Nf3 g6 3. Nc3 Bg7 4. g3 O-O 5. Bg2 d6 6. O-O e5 7. d3 Nc6 8. Bg5
h6 9. Bxf6 Bxf6 10. Nd5 Bg7 11. Rb1 a5 12. a3 Ne7 13. Nd2 c6 14. Nxe7+ Qxe7 15.
b4 axb4 16. axb4 Be6 17. b5 d5 18. bxc6 bxc6 19. Rb6 Qc5 20. Qb3 e4 21. cxd5
cxd5 22. dxe4 d4 23. Qb5 Qc2 24. Nf3 Ra2 25. e5 Qxe2 26. Qxe2 Rxe2 27. Nxd4
Rxe5 28. Nxe6 Rxe6 29. Rxe6 fxe6 1/2-1/2

[Event "SF Essen-Katernberg  3 - SV Erkenschwic"]
[Site "Verbandsliga - Gruppe 1 2021/"]
[Date "2022.05.01"]
[Round "8.4"]
[White "Gallas, Noel"]
[Black "Jungbluth, Rolf"]
[Result "1/2-1/2"]
[WhiteElo "1966"]
[BlackElo "1977"]
[PlyCount "98"]
[EventDate "2022.??.??"]
[WhiteTeam "SF Essen-Katernberg  3"]
[BlackTeam "SV Erkenschwick 2"]

1. e4 c5 2. Nf3 Nc6 3. g3 d6 4. Bg2 Nf6 5. d3 g6 6. O-O Bg7 7. c3 O-O 8. Re1
Qc7 9. h3 e5 10. a3 h6 11. b4 Kh7 12. Nbd2 Be6 13. Nh4 a5 14. bxc5 dxc5 15. Nb3
b6 16. Be3 Rfd8 17. Nc1 a4 18. Qc2 Na5 19. c4 Ne8 20. Rb1 Nd6 21. Ne2 Bf6 22.
Nf3 Nc8 23. Nc3 Qd7 24. Nd5 Bg7 25. Kh2 Ra6 26. Bf1 Nc6 27. Nc3 f5 28. Nd2 Qf7
29. f4 fxe4 30. Ndxe4 exf4 31. Bxf4 Nd4 32. Qg2 Rf8 33. Kh1 Qd7 34. Red1 Ne7
35. Bd6 Rf7 36. Ne2 Nef5 37. Nxd4 Bxd4 38. Bf4 Qd8 39. Re1 Bc8 40. Qe2 g5 41.
Qh5 Kg7 42. Bd2 Bb7 43. Qg4 Qc7 44. Bf4 Be5 45. Bxe5+ Qxe5 46. Kh2 Qd4 47. Qe2
Qe5 48. Qg4 Qd4 49. Qe2 Qe5 1/2-1/2